Vývoj zralosti SCM

Celoeurópska štúdia o trendoch v dodávateľských reťazcoch vypracovaná v Nemecku v r. 2005. Sústredenie sa na náklady. Zlepšenie pružnosti reťazca. Strategické vytváranie SCM. Rôznorodosť stupňa zrelosti SCM. Najvyšší stupeň zrelosti reťazca v odbore počítačov. Snaha podnikov o vyšší stupeň zrelosti...

Descrizione completa

Salvato in:
Dettagli Bibliografici
Natura: Capitolo di libro
Lingua:ceco
Soggetti:
Tags: Aggiungi Tag
Nessun Tag, puoi essere il primo ad aggiungerne!!

MARC

LEADER 00000naa$a2200000$$$4500
001 0057973
005 20231128134145.3
041 0 |a cze 
044 |a CZ 
245 1 0 |a Vývoj zralosti SCM 
520 |a Celoeurópska štúdia o trendoch v dodávateľských reťazcoch vypracovaná v Nemecku v r. 2005. Sústredenie sa na náklady. Zlepšenie pružnosti reťazca. Strategické vytváranie SCM. Rôznorodosť stupňa zrelosti SCM. Najvyšší stupeň zrelosti reťazca v odbore počítačov. Snaha podnikov o vyšší stupeň zrelosti reťazca. 
610 2 0 |a reťazce dodávateľsko-odberateľské 
610 2 0 |a riadenie reťazcov dodávateľských 
610 2 0 |a dodávatelia 
610 2 0 |a odberatelia 
610 2 0 |a integrácia 
610 2 0 |a stratégia podniková 
610 2 0 |a procesy podnikové 
610 2 0 |a zákazníci 
610 2 0 |a dodávky